000 00585nam a2200181Ia 4500
008 100920s9999 xx 000 0 und d
082 _b75756
_a24 न 00
100 _aसामंत बाळ.
245 _aशूरा मी वंदिले.
260 _bपरचुरे प्रकाशन मंदिर मुंबई.
_c2000
300 _a172
_bसाधी
365 _b150
520 _aसायो.
630 _aशूरा मी वंदिले.
650 _aसायो.
730 _aशूरा मी वंदिले.
942 _cBOOK
999 _c717240
_d717237